Państwa byłej Rzeczpospolitej Obojga Narodów - Statystyki

Ogólne statystyki
  • Ten quiz został rozwiązany 355 razy
  • Średni wynik to 9 z 10
Statystyki odpowiedzi
Państwa % Poprawnych
Litwa
99%
Łotwa
97%
Polska
97%
Rosja
97%
Ukraina
97%
Białoruś .
96%
Estonia
96%
Słowacja
93%
Mołdawia
85%
Rumunia
84%
Nie znaleziono quizów pasujących do podanych kryteriów
Rozkład punktacji
Procent ludzi z każdym wynikiem
Percentyl według liczby udzielonych odpowiedzi
Twoja historia wyników
Nie rozwiązałeś tego quizu